LIBRARY ONLINE CATALOGUE

School-Based programs to reduce bullying and victimization (Record no. 20294)

MARC details
000 -LEADER
fixed length control field 00422nam a22001457a 4500
008 - FIXED-LENGTH DATA ELEMENTS--GENERAL INFORMATION
fixed length control field 230918b |||||||| |||| 00| 0 eng d
020 ## - INTERNATIONAL STANDARD BOOK NUMBER
International Standard Book Number 978-1249589020
050 ## - LIBRARY OF CONGRESS CALL NUMBER
Classification number LB3011
Item number .F33 2009
100 ## - MAIN ENTRY--PERSONAL NAME
Personal name Farrington, David P.
245 ## - TITLE STATEMENT
Title School-Based programs to reduce bullying and victimization
Statement of responsibility, etc. Dvid P. Garrington & Maria M. Ttofi
260 ## - PUBLICATION, DISTRIBUTION, ETC. (IMPRINT)
Date of publication, distribution, etc. 2009
300 ## - PHYSICAL DESCRIPTION
Extent 143p.
700 ## - ADDED ENTRY--PERSONAL NAME
Personal name Ttofi, Maria M.
942 ## - ADDED ENTRY ELEMENTS (KOHA)
Source of classification or shelving scheme Library of Congress Classification
Koha item type General Collection
Holdings
Withdrawn status Lost status Source of classification or shelving scheme Not for loan Home library Current library Date acquired Cost, normal purchase price Inventory number Total Checkouts Full call number Barcode Date last seen Copy number Price effective from Koha item type
    Library of Congress Classification   Kabarak, Main Campus Kabarak, Main Campus 18/09/2023 3727.00 2081/2022   LB3011 .F33 2009 C.1 032702 18/09/2023 C.1 18/09/2023 General Collection